000 00482nam a2200193Ia 4500
005 20230504160846.0
008 230125s9999 xx 000 0 und d
020 _a978-93-5004-289-2
041 _aeng
082 _a658.3125
_bRAO
100 _aRao C A
_9106349
245 _aPerformance Management
260 _c2015
_bBiztantra Publications
_aDelhi
300 _a352p
500 _aPerformance
650 _aPerformance
_9119128
700 _aRao C A
_9106349
942 _cBK
999 _c94880
_d94880